[Event "ESP-ch ko"]
[Site "Ayamonte"]
[Date "2007.11.10"]
[Round "1.2"]
[White "Lopez Martinez, Josep Manuel"]
[Black "Mascaro March, Pedro"]
[Result "1-0"]
[WhiteElo "2563"]
[BlackElo "2370"]
[Annotator "CB"]
[PlyCount "89"]
[EventDate "2007.11.09"]
[EventType "k.o."]
[EventRounds "4"]
[EventCountry "ESP"]
[SourceTitle "EXT 2008"]
[Source "ChessBase"]
[SourceDate "2007.11.25"]
[SourceVersion "1"]
[SourceVersionDate "2007.11.25"]
[SourceQuality "1"]

1. e4 c5 2. Nf3 d6 3. d4 cxd4 4. Nxd4 Nf6 5. Nc3 Nc6 6. Bg5 Bd7 7. f3 Qa5 8.
Be3 Nxd4 9. Qxd4 g6 10. Qd2 Bg7 11. Nb5 Qxd2+ 12. Kxd2 Bxb5 {cediendo la
pareja de alfiles, la alternativa era} (12... O-O 13. Nxa7 d5 14. e5 Nh5 15. g4
(15. f4 d4 16. Bxd4 Nxf4) 15... d4 16. Bxd4 Nf4 {seguido de Ce6 y Axe5 con
cotrajuego}) 13. Bxb5+ Nd7 14. Rab1 a6 15. Be2 Rc8 16. c4 O-O 17. b4 Rfd8 18.
Rhc1 e6 19. Kc2 d5 20. Kb3 {el blanco sigue apostando por simplificaciones que
mantengan su pareja de alfiles y abran vías de penetración a su Rey más activo}
dxe4 21. Rd1 (21. fxe4 Nf6 $14) 21... Ne5 ({la alternativa era} 21... exf3 22.
Bxf3 Rb8 23. Bg5 f6 24. Bf4 e5 25. Be3 Kf7 26. Rd5 {con presión}) 22. fxe4 Nc6
23. Rxd8+ Rxd8 24. Rd1 Nd4+ 25. Ka4 {Diagrama #} Kf8 $6 ({sin decidirse a jugar
} 25... b5+ 26. Ka5 $8 bxc4 27. Bxd4 Bxd4 28. Kxa6 c3 29. Kb5 f5 30. exf5 gxf5
31. a4 Kf7 32. a5 e5 33. Ka4 Ke6 34. b5 Kd5 {con probables tablas}) 26. c5 Ke7
27. Bxd4 Rxd4 28. Rxd4 Bxd4 {lo que sigue es forzado} 29. Ka5 Kd7 30. Kb6 Kc8
31. e5 $1 Bxe5 32. Bf3 Kb8 33. Bxb7 a5 34. b5 {Diagrama #} Bxh2 ({los peones
blancos también son peligrosos si} 34... a4 35. h3 Bd4 36. Ba6 a3 37. Kc6 Ka7
38. Bc8 Kb8 39. Bd7 e5 40. b6 e4 41. Kb5 f5 42. c6 Be5 43. Be6 h6 44. Kc5 Bg3
45. Bf7 g5 46. Be6 e3 47. Bc4) 35. a4 Bg1 36. Bf3 f5 37. Kc6 e5 38. b6 e4 39.
Be2 h5 40. Kb5 h4 41. c6 Bh2 42. Kxa5 g5 43. Kb5 g4 44. a5 h3 45. gxh3 {
Diagrama #} 1-0

[Event "Biel U20"]
[Site "Biel"]
[Date "1986.08.01"]
[Round "11"]
[White "Trepp, Markus"]
[Black "Csom, Istvan"]
[Result "1-0"]
[WhiteElo "2380"]
[BlackElo "2505"]
[Annotator "ChessBase"]
[PlyCount "137"]
[EventDate "1986.07.20"]
[EventType "tourn"]
[EventRounds "11"]
[EventCountry "SUI"]
[EventCategory "7"]
[SourceTitle "MCL"]
[Source "ChessBase"]
[SourceDate "1999.07.01"]
[SourceVersion "1"]
[SourceVersionDate "1999.07.01"]
[SourceQuality "1"]

1. e4 c5 2. Nf3 d6 3. d4 cxd4 4. Nxd4 Nf6 5. Nc3 Nc6 6. Bg5 Bd7 7. Nb3 (7. Bxf6
gxf6 8. Nf5 Qa5 $13) (7. Be2 Qa5 8. Bxf6 gxf6 9. Nb3 Qg5 $13) 7... a6 (7... e6
8. Nb5 Qb8 9. Bxf6 gxf6 10. Be2 Be7 11. O-O a6 12. N5d4 O-O $13) 8. f4 (8. Bxf6
gxf6 9. Qh5 Rc8 10. Bd3 Ne5 11. O-O Rg8 $10) 8... e6 $5 (8... b5 9. Bxf6 gxf6
10. Qh5 Rg8 $1 $13) 9. Qd3 (9. Qd2 $6 h6 10. Bh4 Nxe4 $1) 9... h6 10. Bh4 g5
11. fxg5 Nh5 $5 (11... Ng4) 12. Qd2 Be7 13. Bf2 hxg5 14. Na4 Ne5 (14... b5 15.
Nb6 Ng3 $2 16. Qc3 $18) 15. Nb6 Ng3 16. Bxg3 Qxb6 17. O-O-O Qc7 18. Kb1 b5 $6 (
18... O-O-O $142) 19. Nd4 Rc8 20. Bd3 $14 Qb7 21. Rhf1 (21. Bxe5 $5 dxe5 22.
Nf3 f6 23. h4 g4 24. Nh2 f5 25. Qe2 $36) 21... Rc7 22. Qf2 Rh7 $2 (22... f6
$142) 23. Bxe5 $1 $16 dxe5 24. Nf3 f6 25. h4 gxh4 (25... g4 26. Nh2 Rg7 27. Qe2
$18) 26. Nxh4 Rg7 27. Qf3 Rg5 28. Qh3 $1 {/\Nf3} Rh5 29. Qg4 Rg5 30. Qh3 Rh5
31. Be2 Rh8 32. Qg4 Qc6 33. Bd3 Qc5 34. Ng6 Rg8 (34... Rh6 35. Rh1 Rxh1 36.
Rxh1 Kd8 37. Nxe7 Qxe7 38. Rh6 $16 {><f6}) 35. Qh5 Kd8 36. Qh7 Re8 37. Qh6 Kc8
38. Nxe7+ Qxe7 39. Rxf6 $18 Kb8 (39... Rg8 40. Rg6) 40. g4 Qc5 41. Qd2 Bc8 42.
g5 Rg8 43. g6 Rcg7 44. Qh6 a5 45. Be2 a4 46. a3 b4 47. axb4 Qxb4 48. Qg5 $1 Qa5
(48... Qxe4 49. Bd3 {/\Re1 +-}) 49. Qg3 Rb7 50. Qa3 Rb4 51. Bg4 Rg7 52. c3 $2 (
52. Bxe6 Rgb7 53. Bxc8 Rxb2+ 54. Ka1 $18) 52... Rb3 53. Qd6+ Rc7 54. Rf7 Rxb2+
55. Ka1 (55. Kxb2 Qxc3+ 56. Ka2 Qb3+ $10) 55... Rbb7 $8 (55... Rg2 56. Rb1+ Bb7
57. Qd8+ $18) 56. Rxc7 Rxc7 57. Qb4+ $2 (57. Rb1+ $142 {/\Rb4 +-}) 57... Qxb4
58. cxb4 Rg7 59. Bh5 Bd7 $2 (59... Kc7 60. Rf1 Kd6 61. Rf7 Rxf7 62. gxf7 Ke7
63. b5 Bd7 64. b6 Bc6 65. Bg6 Kf8 $10) 60. Rf1 $16 Kc7 61. Rf7 Rg8 62. g7 Kd6
63. Bg6 Be8 64. Rf8 Rxg7 65. Bxe8 Rg4 66. Rf7 Rg8 67. Bb5 Rg1+ 68. Ka2 Rg2+ 69.
Kb1 1-0

[Event "El Vendrell"]
[Site "El Vendrell"]
[Date "1996.??.??"]
[Round "?"]
[White "Romero Holmes, Alfonso"]
[Black "Cifuentes Parada, Roberto"]
[Result "1-0"]
[WhiteElo "2425"]
[BlackElo "2490"]
[Annotator "Cifuentes Parada,L"]
[PlyCount "91"]
[EventDate "1996.??.??"]
[EventType "swiss"]
[EventRounds "9"]
[EventCountry "ESP"]
[SourceTitle "CBM 054"]
[Source "ChessBase"]
[SourceDate "1996.10.01"]
[SourceVersion "1"]
[SourceVersionDate "1996.10.01"]
[SourceQuality "1"]

1. e4 c5 2. Nf3 Nc6 3. d4 cxd4 4. Nxd4 Nf6 5. Nc3 d6 6. Bg5 Bd7 7. Be2 Qa5 8.
Bxf6 gxf6 9. O-O (9. f4 $5 f5 (9... Nxd4 10. Qxd4 Rc8 11. O-O-O Qc5 12. Qd3 e6
13. Kb1 h5 14. e5 $1 f5 15. exd6 Rc6 16. Qg3 h4 17. Qg5 Rxd6 18. Bf3 $14 {
Kudrin-Franco, Salamanca 1989}) (9... e6 10. Nb3 Qb6 11. Qd3 h5 12. O-O-O O-O-O
13. Kb1 Kb8 14. Rhf1 Be7 15. Qh3 h4 16. Bg4 $5 $14 {Arnason-Oll, Tallinn 1983})
10. Nb3 (10. Nxf5 Bxf5 11. exf5 Qxf5 $10) 10... Qd8 11. Qd3 Nb4 $1 12. Qd2 Bg7
13. a3 Nc6 $13 {Thipsay-Gufeld, Delhi 1984}) (9. Nb3 Qg5 10. Nd5 (10. g3 f5 11.
f4 Qg6 12. Bh5 Qe6 13. Nd4 Nxd4 14. Qxd4 Rg8 15. O-O-O Bg7 $13 {I.
Gurevich-Smirin, Philadelphia 1990}) 10... O-O-O (10... Rc8 11. O-O Rg8 12. g3
f5 13. f4 Qh6 14. Bd3 fxe4 15. Bxe4 Bh3 16. Re1 Bg7 17. c3 Kf8 18. Qd3 $14 {
Chandler-Csom, Dortmund 1983}) 11. O-O (11. g3 $5 f5 12. f4 Qg7 13. exf5 Bxf5
14. c3 e6 15. Ne3 Be4 16. Bf3 d5 17. Qe2 f5 18. O-O-O $13 {Arencibia-Estevez,
Santa Clara 1991}) 11... Rg8 $1 12. g3 (12. Ne3 Qf4 $1) (12. Bf3 Ne5 $15) 12...
f5 13. f4 Qg7 14. exf5 Bxf5 15. Bf3 Bg4 $13 (15... Qxb2 $6 16. c4 $44)) 9...
Rg8 (9... Nxd4 $5 10. Qxd4 Rc8 (10... Qc5 $6 11. Qxc5 dxc5 12. Nb5 $1 O-O-O 13.
Nxa7+ Kb8 14. Nb5 Bg7 $5 15. Bd3 $5 (15. f4 $6 f5 16. e5 f6 $14 {Short-Anand,
Amsterdam 1992}) 15... Bxb5 16. Bxb5 Rd4 $1 17. c3 Rd2 18. Rab1 $16 {Anand})
11. a4 $5 (11. Nd5 Qc5 $1 (11... Rxc2 $2 12. b4 Qa3 13. Bd1 Rc8 (13... Rxa2 14.
Rxa2 Qxa2 15. Bh5 $40) 14. Bb3 Bg7 15. Rad1 $44 {Salov}) 12. Qxc5 (12. Qd2 Bg7
13. c4 e6 14. b4 Qc6 15. Qe3 Kf8 16. Nf4 Qb6 17. Qf3 Qxb4 18. Rab1 Qc5 19. Rxb7
Bc6 20. Rbb1 Qe5 $15 {Van Riemsdijk,-Weindl, Biel 1994}) 12... Rxc5 13. Bd3 Bg7
14. Rad1 e6 15. Ne3 Ke7 16. c3 b5 17. f4 Rb8 18. a3 a5 $15 {Timman,J-Salov,V/
Amsterdam 51/192 1991/0-1 (50)}) (11. f4 Qc5 12. Qxc5 Rxc5 13. f5 h5 $10) 11...
Qc5 12. Qd2 Rg8 13. Bb5 $1 e6 14. Bxd7+ Kxd7 15. Ra3 $14 {Mainka-Cifuentes,
Ostend 1991}) 10. Nd5 Bh3 11. Bf3 Ne5 12. Nf4 (12. b4 $2 Nxf3+ 13. Qxf3 Bxg2 $1
14. Qg3 Rxg3 15. bxa5 Rg8 $1 $19 {Servat,R-Cifuentes,R /Mar del Plata 1990})
12... Bd7 13. Nd5 Bh3 14. Ne3 $1 Bd7 $2 (14... Bh6 $1 15. Ndf5 Bxe3 16. Nxe3
Qd2 17. Kh1 (17. Bh5 Qb4) 17... Qxd1 18. Bxd1 Bd7 19. f4 Ng4 20. Bxg4 (20. Nd5
Rc8 21. h3 Nh6 22. f5 $13) 20... Bxg4 21. f5 Be2 22. Rf2 Bb5 $14) 15. Bh5 e6
16. f4 Nc6 17. f5 Ke7 $8 (17... Nxd4 18. Qxd4 Qe5 19. Qxe5 fxe5 20. fxe6 Bxe6
21. Nd5 $18) 18. c3 $1 Ne5 $2 (18... Bh6 $8 19. Ng4 Bg7 $16) 19. Bxf7 $1 $18
Bh6 20. Bxg8 Bxe3+ 21. Kh1 Rxg8 22. fxe6 Bxe6 23. Nxe6 Kxe6 24. Qb3+ d5 25.
exd5+ $6 (25. Rad1 $1 $18) 25... Kf7 26. d6+ Kg7 27. Qxb7+ Kh8 28. Qe7 $2 (28.
Rf5 $1) 28... Ng4 (28... Qd5 $1 29. Qxf6+ Rg7 30. Rf3 $8 Nxf3 31. Qxf3 Qxf3 32.
gxf3 Bf4 33. Rd1 Rd7 34. Rd4 Bxd6 35. c4 Rd8 36. c5 Bc7 $10) 29. h3 Qg5 $1 $138
30. Qe4 Nf2+ 31. Rxf2 Bxf2 32. Rd1 Bb6 $4 (32... Bg3 $1 33. d7 Bc7 $13) 33. b4
$1 $18 Qh5 34. Rf1 Rg3 35. Qe6 Qg6 36. c4 Rxg2 37. Qc8+ Qg8 38. Qxg8+ Rxg8 39.
c5 Rf8 (39... Bd8 40. c6 Rg3 41. Rc1 $1 $18) 40. Rc1 Kg7 41. cxb6 axb6 42. Rc7+
Kg6 43. a4 Re8 44. d7 Re1+ 45. Kg2 Rd1 46. a5 1-0

[Event "FRA-ch 93rd"]
[Site "Nimes"]
[Date "2018.08.19"]
[Round "2"]
[White "Gharamian, Tigran"]
[Black "Edouard, Romain"]
[Result "1-0"]
[WhiteElo "2614"]
[BlackElo "2638"]
[Annotator "Edouard,R"]
[PlyCount "81"]
[EventDate "2018.08.18"]
[EventType "tourn"]
[EventRounds "9"]
[EventCountry "FRA"]
[EventCategory "14"]
[SourceTitle "CBM 186"]
[Source "ChessBase"]
[SourceDate "2018.09.14"]
[SourceVersion "1"]
[SourceVersionDate "2018.09.14"]
[SourceQuality "1"]

1. e4 c5 2. Nf3 d6 3. d4 cxd4 4. Nxd4 Nf6 5. Nc3 Nc6 6. Bg5 e6 7. Qd2 Qb6 $5 {
A line I had used two months before against Kosteniuk - with more success!} 8.
Nb3 Be7 9. Bxf6 $5 Bxf6 10. Qxd6 Be5 11. Qa3 $1 {Almost a novelty, and the
move I didn't know.} (11. Qc5 {was the well-known move, which wasn't supposed
to give him any avantage:} Qxc5 12. Nxc5 Ke7 13. O-O-O (13. Bb5 Nd4 14. O-O-O
Rd8 {looks correct as well, and after} 15. Nb3 {(as played by Khalifman) Black
can probably get full compensation with} a6 $5 $146 16. Bd3 Nxb3+ 17. axb3 b5
$44) 13... b6 14. Bb5 (14. Nd3 Bxc3 15. bxc3 Bb7 {can't be problematic}) 14...
Na5 $6 (14... Nb8 $1 $146 15. Nb3 Bb7 {should be fine}) 15. Nd3 $6 (15. Na6 $1
{might be problematic}) 15... Bxc3 16. bxc3 Bb7 17. Ne5 Rhd8 18. f3 f6 $44 {
1-0 (76) Volokitin,A (2695)-Likavsky,T (2486) Austria 2012.}) 11... Qb4 $6 {
Just getting a very bad version of the endgame analysed above.} (11... Bd7 $1 {
was seen in the only game that was played so far, and is probably the right
move.} 12. Qc5 $1 $146 {Definitely the move that was bothering me. But it's
nothing dramatic.} (12. Bd3 $6 Nb4 13. Qa5 Qd6 14. Qc5 Qxc5 15. Nxc5 Rc8 $5 16.
Nxd7 Kxd7 $44 {½-½ (17) Solleveld,M (2453)-Brodsky,M (2547) Hoogeveen 2002})
(12. Nb5 Nb8 $1 {seems just fine for Black}) (12. O-O-O Qxf2 $13) (12. Nd2 Na5
$1 $13) 12... Qxc5 (12... Nd4 $5 13. Qxb6 axb6 14. O-O-O Nxb3+ 15. axb3 Ra1+
16. Kd2 Rxd1+ 17. Nxd1 Ke7 {isn't simple either}) 13. Nxc5 O-O-O 14. Nd3 Bd6
15. O-O-O Ne5 16. Nxe5 Bxe5 {and after} 17. Bb5 Bxc3 18. Bxd7+ Rxd7 19. bxc3
Rhd8 20. Rxd7 Rxd7 {we get the exact kind of a game that should be a
relatively easy draw, including pawn endings!}) (11... a6 $5 {might be
playable as well.}) 12. Qxb4 Nxb4 13. O-O-O Ke7 14. a3 Nc6 15. Bb5 Nb8 $2 ({
It was time (and the last moment) to go for the obvious} 15... Bxc3 {after
which White is slightly better, but no more:} 16. bxc3 ({if} 16. Bxc6 {Black
has at least} Be5 $5 {with an improved version of the game}) 16... Ne5 17. Rd4
$1 {followed by Rhd1, and clearly Black will have to suffer to make a draw.} (
17. f4 Ng4 {isn't so clear})) 16. Ne2 {Now White has a very healthy extra pawn,
and his position is objectively winning.} g5 $6 {A natural move, but as a
result Black will be worse on both sides of the board!} (16... Bc7 17. f4 a6
18. Bd3 f6 $1 {not letting White expand too much, might have been best.}) 17.
g3 b6 18. f4 gxf4 19. gxf4 Bc7 20. Rhg1 Bb7 21. e5 a6 22. Bd3 Nd7 23. Nc3 $1 {
Of course! White wants Be4.} Rag8 ({The position is so bad that the engine
thinks the best move is} 23... Nxe5 24. fxe5 Bxe5 {when White has an extra
piece for free!}) 24. Be4 Bc8 {Black can't afford such an exchange, even if ...
Bc8 is hardly a success either...} 25. Nd4 Nb8 26. Rg3 (26. Nf5+ $1 {was
winning:} exf5 27. Rxg8 Rxg8 28. Nd5+ Kf8 29. Nxc7 fxe4 30. Rd8+ Kg7 31. Ne8+
$1 $18) 26... b5 $6 (26... f6 {was the lesser evil, but after} 27. exf6+ Kxf6
28. Rf3 {White is just winning.}) 27. Nf5+ $1 {Once but not twice.} exf5 (27...
Kf8 28. Nd6 {is hopeless.}) 28. Nd5+ Kf8 (28... Kd8 29. Nf6+ Ke7 30. Nxg8+ Kf8
31. Rc3 $18) 29. Nxc7 Rxg3 30. hxg3 Kg7 (30... fxe4 31. Rd8+ Kg7 32. Ne8+ $1
$18) 31. Bf3 Nd7 32. Nxa6 Nxe5 33. fxe5 Bxa6 34. Rd6 Bc8 35. Bc6 h5 $2 ({
Although White is winning, it was definitely important to take a last chance
and play} 35... f4 36. gxf4 h5 {in order to confuse matters in the time
scramble.}) 36. Rd4 $1 Rh6 37. Bxb5 Rg6 38. Be2 Rxg3 39. Bxh5 Re3 40. Kd2 Rxe5
41. Bf3 1-0

[Event "EU-Cup 21st"]
[Site "Saint Vincent"]
[Date "2005.09.19"]
[Round "2.6"]
[White "Karjakin, Sergey"]
[Black "Greenfeld, Alon"]
[Result "1-0"]
[WhiteElo "2645"]
[BlackElo "2549"]
[Annotator "Erenburg,S"]
[PlyCount "53"]
[EventDate "2005.09.18"]
[EventType "team-swiss"]
[EventRounds "7"]
[EventCountry "ITA"]
[SourceTitle "CBM 110"]
[Source "ChessBase"]
[SourceDate "2006.01.31"]
[SourceVersion "1"]
[SourceVersionDate "2006.01.31"]
[SourceQuality "1"]
[WhiteTeam "Paris NAO"]
[BlackTeam "Beer Sheva"]
[WhiteTeamCountry "FRA"]
[BlackTeamCountry "ISR"]

1. e4 c5 2. Nf3 d6 3. d4 cxd4 4. Nxd4 Nf6 5. Nc3 Nc6 6. Bg5 e6 7. Qd2 Qb6 8.
Bxf6 {worsening black's pawn structure. The background of this continuation is
that Black is getting a pair of bishops, and he'll be able to develop his
dark-squared one to h6. Other possibilities are:} (8. Nb3 Be7 9. O-O-O O-O 10.
f3 a6 11. g4 Rd8 12. Bf4 $146 {A dubious novelty by Moro, however even after
the most popular 12.Be3 white doesn't have any advantage.} d5 $1 {That's the
main drawback of 12.Bf4- it doesn't prevent d6-d5 unlike 12.Be3;} 13. e5 Nd7
14. Be3 Qc7 15. f4 b5 {Black is just faster on the queenside, than White- on
the kingside.} 16. Qf2 $6 Rb8 {The rook is very useful on the b-file in Rauzer
setups.} 17. Nd4 Nxd4 18. Bxd4 Nc5 $17 {[%cal Gb5b4] 0-1 Morozevich,
A-Ponomariov,R/Wijk aan Zee 2005/CBM 105/[Tyomkin,D] (48)}) (8. O-O-O Qxd4 9.
Qxd4 Nxd4 10. Rxd4 a6 11. f3 Bd7 12. Na4 {A new move played by Kasparov
against Mcheideshvilli in 2002, before that Bc4 and Rd2 were tried.} Bc6 13.
Nb6 Rd8 14. Nc4 $1 Be7 15. Na5 Rc8 16. Be2 {Smeets deviates from 16.Rb4 that
was played by Kasparov in the above mentioned game.} (16. Rb4 $1 d5 $2 17. Nxc6
bxc6 18. Rb7 Nd7 19. Bd2 $1 Ra8 20. Rc7 Ne5 21. Bc3 Bd6 22. Bxe5 Bxe5 23. Rxc6
{1-0 Kasparov,G-Mchedlishvili,M/Bled (ol) 86/198 2002/Inf 86/[Kasparov,G] (37)}
) 16... h6 17. Bxf6 gxf6 18. f4 (18. Rhd1 {with the idea to play Nc4 is met by}
Rg8 19. g3 Kd8 $1 {[%cal Gd8c7] A strong move, now Nc4 can be met by Bb5.} (
19... Rg5 $2 20. Nc4 Rc5 (20... Bb5 21. Nxd6+ Bxd6 22. Bxb5+ Rxb5 23. Rxd6 {
and White is simply a pawn up.}) 21. b4 {is bad}) 20. Nc4 Bb5 {and Black is
fine.}) 18... Rc7 19. Rc4 Kd7 {Black easily holds his queenside, it seems that
White didn't achieve much from the opening.} 20. Nxc6 Rxc6 21. Rxc6 Kxc6 22.
Bh5 Rh7 {White still has a slight edge due to the black's rook position but
this is temporary as when Black gets his king to e7 the rook would enter the
game.} 23. Rd1 Rg7 24. g3 Bd8 $11 {1/2-1/2 Smeets,J-Stangl,M/Germany 2004/CBM
101/[Gofshtein,L] (42)}) 8... gxf6 9. Nb3 Bd7 {preparing a long castle.} (9...
a6 10. O-O-O Bd7 11. f4 O-O-O 12. Be2 h5 13. Rhf1 Be7 14. Rf3 Rdg8 15. Bf1 Kb8
16. Rd3 {White decides to attack the black centre, another plan is to attack
Black's h-pawn by 16.Rh3} Qc7 {Black defends against white's immideate threat
- 17.Rxd6} 17. Qf2 {White immideatly takes control over the g1-a7 diagonal,
planning to transfer his knight to b6.} Rc8 18. Kb1 {A profphylactic move,
White stabilizes his position on the queenside.} Be8 {It's not easy to find
any counterplay for Black.} (18... Na5 19. Nxa5 Qxa5 20. f5 {and White keeps
some pressure}) 19. Na4 Nb4 20. Rc3 Qd8 21. Nac5 $1 $14 {1-0 Shirov,A-Brodsky,
M/Tallinn 2005/CBM 105/[Gofshtein,L] (65)}) 10. O-O-O O-O-O 11. f4 {covering
the e5 square. White's plan is connected with the pressure on Black's e6 pawn
by the light pieces together with the f4-f5 advance.} Na5 {Black suffers from
a lack of space, therefore, he changes one of his light pieces, that liberates
more space for the light-squared bishop.} (11... a6 12. Kb1 Be7 13. Be2 h5 14.
Bf3 h4 15. Bg4 Kb8 16. Rhf1 Na5 17. Qd3 Nxb3 18. cxb3 d5 $1 19. f5 (19. exd5
Bb5 20. Nxb5 Rxd5 $11) 19... Bc6 20. exd5 Bxd5 21. Qe2 Bb4 22. fxe6 Bxe6 23.
Bxe6 Bxc3 24. Bxf7 Be5 25. h3 Rxd1+ 26. Rxd1 Rd8 $11 {1/2-1/2 Timofeev,
A-Lupulescu,C/Warsaw POL 2005/The Week in Chess 554 (57)}) (11... Kb8 12. Be2
h5 13. Rhf1 Bc8 14. Kb1 Be7 15. Rf3 Rdg8 16. Bf1 h4 17. Nb5 Rd8 18. Qe1 d5 19.
exd5 exd5 20. N5d4 Bd6 21. Nxc6+ Qxc6 (21... bxc6 22. Nd4 Ka8 23. Rb3 Qc7 24.
Rc3 $14) 22. Nd4 Qd7 23. Bd3 Qg4 24. Qf2 Bc7 25. h3 Qh5 26. Be2 $14 {1/2-1/2
Zhang Zhong-Ramesh,R/Dubai UAE 2005/The Week in Chess 544 (83)}) (11... Ne7 {
Mueller,Karsten} 12. Be2 h5 13. Rhf1 {[%cal Gf1f3,Gf3d3,Gf3h3]} Be8 $6 14. Rf3
Bg7 15. Rh3 h4 16. Bg4 Kc7 $2 (16... Bc6 $142 17. Rd3 Ng6 $132) 17. Kb1 Bc6 18.
Rd3 Be8 $6 (18... Kc8 19. f5 exf5 20. exf5 Rd7 21. Rd4 $16) 19. a4 Bh6 (19...
Rg8 $2 20. a5 Qa6 21. Be2 Kb8 22. Rd4 Qc6 23. Bb5 Qc7 24. Bxe8 Rdxe8 25. Nb5
$18) 20. a5 Qc6 21. Qf2 (21. Nd4 $5 Qa6 22. Bxe6 Kb8 (22... fxe6 $2 23. Nxe6+
Kc8 24. Nxd8 $18) 23. Bh3 Qxa5 24. Nde2 Qc7 25. Rxd6 $16) 21... Ng6 $2 (21...
Kb8 22. f5 e5 23. Qxh4 $16) 22. Qxa7 Qa6 23. Nd5+ {1-0 Galkin,A-Georgiev,K/
Istanbul 2003/CBM 096/[Mueller,Karsten] (23)}) 12. Be2 $146 {adding the option
to transfer the light-squared bishop to h5.} ({In the preceding game White
continued} 12. Kb1 Nxb3 13. axb3 Kb8 14. Be2 Qc5 15. Rhf1 h5 16. f5 Qe5 17. h3
Bc6 18. Bf3 Bh6 19. Qd3 $13 {1-0 Smirnov,P-Nijboer,F/Warsaw POL 2005/The Week
in Chess 556 (49)}) 12... h5 $1 {preparing the h6 square for the dark-squared
bishop.} 13. Kb1 {A prophylactic move- White is moving his king away from the
h6-c1 diagonal.} (13. f5 $4 {is met by} Bh6 $19) 13... Kb8 {liberating the c8
square for the queenside rook.} 14. Rhf1 {[%cal Yf1f3,Gf3d3,Gf3h3] White's
kingside rook can join the game through the third rank.} Nxb3 15. axb3 Bc6 16.
Bc4 {White is planning to press Black's pawn construction in the centre with
the f4-f5 advance.} Qc5 $6 {allowing to attack his pawns construction in the
centre.} ({Black should have prevented White's f4-f5 advance by} 16... Bh6 $1
17. Qe2 Qc5 $13 18. f5 $141 $2 d5 19. exd5 exd5 20. Bb5 d4 21. Bxc6 Qxc6 22.
Na2 Be3 $17) 17. f5 b5 {Black has to weaken his monarch's position, in order
to drive away White's light-squared bishop from the a2-g8 diagonal.} (17... Qe5
18. Qd4 Rg8 19. g3 Re8 20. b4 $14) 18. Bd3 Be7 $6 (18... e5 {is refuted by} 19.
Nxb5 d5 (19... Bxb5 20. Qa5 $18) 20. Qa5 $16) ({The least of the evils was} 
18... Bh6 19. Qe2 b4 20. Na4 $14) 19. fxe6 fxe6 20. Qe2 a6 ({Black doesn't
equalize after} 20... b4 {as well:} 21. Nd5 exd5 22. exd5 Qxd5 23. Qxe7 Qe5 24.
Rde1 $1 Qxh2 25. Qxf6 Qxg2 26. Re7 $16) 21. Nd5 $1 {opening up the game, that
will cause more vulnerability in Black's camp.} exd5 22. exd5 Qxd5 23. Qxe7 Qe5
$2 {worsens Black's position even more.} ({Better was} 23... Qxg2 24. h4 (24.
Rg1 $2 Qxh2 25. Rg7 $2 Rd7 26. Qxf6 Qe5 $17) (24. Qe3 Qxh2 25. Qb6+ Bb7 26.
Rxf6 Qe5 27. Rf7 Qd5 28. Rc7 Rc8 29. c4 bxc4 30. bxc4 Qf3 31. Be2 Qe4+ 32. Bd3
Qf3 $11 33. Rxc8+ Rxc8 34. Qxd6+ Ka8 $11) 24... Qg4 25. Qxf6 Rhf8 26. Qc3 (26.
Qe7 Rfe8 27. Qg5 Qxg5 28. hxg5 $11) 26... Kb7 27. Rg1 $36) 24. Rde1 $1 Qxh2 ({
The trade of the queens doesn't make Black's life easier:} 24... Qxe7 25. Rxe7
Bxg2 26. Rxf6 $16) 25. Qe3 $1 Qxg2 $2 {loses immediately.} ({More resistant was
} 25... Bb7 26. g3 $1 (26. Qb6 Qxg2 27. Be4 Qg7 28. Rxf6 d5 29. Bf5) 26... Rhe8
(26... h4 27. Qb6 hxg3 28. Re7 Qg2 29. Be4 $18) 27. Qf4 Rxe1+ 28. Rxe1 Rg8 29.
Qxd6+ Ka8 (29... Ka7 30. Re7 $16) 30. Re7 $16) 26. Rg1 $1 Qd5 (26... Qh2 {
loses as well:} 27. Qb6+ Bb7 28. Rg7 $18) 27. Be4 $1 {winning a bishop.} (27.
Be4 Qxe4 (27... Qc5 28. Qxc5 dxc5 29. Bxc6 $18) 28. Qb6+ $18) 1-0